Characterization of non-crosslinked natural rubber latex by phase transfer technique (Record no. 55438)

MARC details
000 -LEADER
fixed length control field 00426nam a2200157Ia 4500
100 ## - MAIN ENTRY--AUTHOR NAME
Personal name Tangboiboonrat P
245 #0 - TITLE STATEMENT
Title Characterization of non-crosslinked natural rubber latex by phase transfer technique
260 ## - PUBLICATION, DISTRIBUTION, ETC. (IMPRINT)
Name of publisher Polymer
Year of publication 1994
300 ## - PHYSICAL DESCRIPTION
Number of Pages 5144-5145
500 ## - GENERAL NOTE
General note Source Year: 1995
700 ## - ADDED ENTRY--PERSONAL NAME
Personal name Kuhakarn S
700 ## - ADDED ENTRY--PERSONAL NAME
Personal name Suchiva K
856 ## - ELECTRONIC LOCATION AND ACCESS
Uniform Resource Identifier irrdb
942 ## - ADDED ENTRY ELEMENTS (KOHA)
Koha item type Journals
Holdings
Withdrawn status Lost status Damaged status Not for loan Home library Current library Shelving location Date acquired Serial Enumeration / chronology Koha item type
      Journals RRII Library RRII Library Rubber chemistry 17/12/2021 Volume 35, Issue 23 Journals